| 000 | 03979cam a22012134i 4500 | ||
|---|---|---|---|
| 003 | PE-LiUPU | ||
| 005 | 20250813185415.0 | ||
| 008 | 180213s r 000 0 spa d | ||
| 020 | _a9780201518566 | ||
| 035 | _a(Sirsi) a241280 | ||
| 040 |
_aPE-LiUPU _bspa _cPE-LiUPU _erda |
||
| 049 | _aPRUA | ||
| 082 | 0 | 4 |
_a362.1 _bW11 _220 |
| 100 | 1 |
_aWayne Boss, R., _eautor. |
|
| 245 | _aDesarrollo organizacional en los servicios de salud /c R. Wayne Boss;versión en español de Addison-Wasley Iberoamericana;con la colaboración de Esther Figueroa Espinosa. | ||
| 264 | 1 |
_aArgentina : _b Addison-Wasley Iberoamericana, _c1991. |
|
| 300 |
_axx, 217 páginas; _c 26 centímetros |
||
| 336 |
_atext _2rdacontent |
||
| 337 |
_aunmediated _2rdamedia |
||
| 338 |
_avolume _2rdacarrier |
||
| 504 | _aBibliografía : 205-212 páginas. | ||
| 504 | _aÍndice : 213-217 páginas. | ||
| 505 | 0 | _a¿Por qué realizar el desarrollo organizacional en instituciones para el cuidado de la salud? -- Desafíos y barreras para el cambio en el cuidado de la salud -- ¿Qué es el desarrollo organizacional? -- Consultoría de mediadores en la sala de operaciones -- Un proyecto de desarrollo organizacional de tres años en el City Hospital -- Un proyecto de desarrollo organizacional de cinco años en el Baldwin Hospital -- Acoso y discriminación sexuales en Glendale: retroinformación mediante encuestas en una establecimiento de cuidado a largo plazo -- Solución del problema de escacez de enfermeras en el Manchester Hospital: el impacto de un diseño de formación de equipo de confrontación -- El control psicológico: la clave para la consultoría de desarrollo organizacional eficaz -- autopsia de un proyecto de desarrollo organizacional malogrado -- El impacto destructivo de una intervención positiva de formación de equipo en un departamento de salud pública -- Elementos esenciales de los programas eficaces de desarrollo organizacional -- Como seleccionar a un consultor de desarrollo organizacional -- Bibliografía -- Índice. | |
| 526 | _aP202 | ||
| 526 | _aP201 | ||
| 526 | _aP163 | ||
| 526 | _aP162 | ||
| 526 | _aP161 | ||
| 526 | _aP160 | ||
| 526 | _aP148 | ||
| 526 | _aP147 | ||
| 526 | _aP146 | ||
| 526 | _aP145 | ||
| 526 | _aP144 | ||
| 526 | _aP143 | ||
| 526 | _aP142 | ||
| 526 | _aP141 | ||
| 526 | _aP140 | ||
| 526 | _aP139 | ||
| 526 | _aP138 | ||
| 526 | _aP137 | ||
| 526 | _aP136 | ||
| 526 | _aP135 | ||
| 526 | _aP134 | ||
| 526 | _aP133 | ||
| 526 | _aP129 | ||
| 526 | _aP128 | ||
| 526 | _aP127 | ||
| 526 | _aP120 | ||
| 526 | _aP119 | ||
| 526 | _aP118 | ||
| 526 | _aP116 | ||
| 526 | _aP115 | ||
| 526 | _aP114 | ||
| 526 | _aP110 | ||
| 526 | _aP109 | ||
| 526 | _aP108 | ||
| 526 | _aP104 | ||
| 526 | _aP103 | ||
| 526 | _aP102 | ||
| 526 | _aP99 | ||
| 526 | _aP98 | ||
| 526 | _aP97 | ||
| 526 | _aP96 | ||
| 526 | _aP95 | ||
| 526 | _aP93 | ||
| 526 | _aP90 | ||
| 526 | _aP89 | ||
| 526 | _aP88 | ||
| 526 | _aP83 | ||
| 526 | _aP82 | ||
| 526 | _aP62 | ||
| 526 | _aP59 | ||
| 526 | _aP58 | ||
| 526 | _aP57 | ||
| 526 | _aP51 | ||
| 526 | _aP49 | ||
| 526 | _aP48 | ||
| 526 | _aP47 | ||
| 526 | _aP29 | ||
| 526 | _aP24 | ||
| 526 | _aP20 | ||
| 526 | _aP19 | ||
| 526 | _aP17 | ||
| 526 | _aP15 | ||
| 526 | _aP14 | ||
| 526 | _aP12 | ||
| 526 | _aP10 | ||
| 526 | _aP09 | ||
| 526 | _aP08 | ||
| 526 | _aP07 | ||
| 526 | _aP06 | ||
| 526 | _aP05 | ||
| 526 | _aP04 | ||
| 526 | _aP01 | ||
| 650 | 0 | 4 | _aAdministración de los servicios de salud. |
| 650 | 0 | 4 |
_aCambio organizacional. _94069 |
| 910 |
_adbm _bmarg _cmarg _d20180213 |
||
| 942 |
_2ddc _cBOOK |
||
| 994 |
_aC0 _bPEPRU |
||
| 596 | _a1 | ||
| 999 |
_a362.1 W11 _wDEWEY _c26921 _i40986 _f2021-11-5 _g5 _lCCODEBUL1 _mBUL _p10.00 _r0 _sY _tBOOK _u2018-2-13 _xBIBLIOTECA _PP22 _0COMPRA _o.STAFF. Colección Ciencias de la Salud _d26921 |
||
| 980 |
_81 _gALBERTO SANCHEZ Responsable de Automatización |
||